Statistics for FNAF Below The Surface Lyrics

Click here to take the quiz!

General Stats

  • This quiz has been taken 60 times
  • The average score is 96 of 153

Answer Stats

Lyrics% Correct
be
100%
The
100%
the
100%
Below
97%
surface
97%
He
93%
you
93%
you'll
90%
You'll
90%
to
86%
us
86%
(us)
86%
we
86%
We
86%
one
83%
save
83%
for
79%
made
79%
that
79%
was
79%
Listen
76%
My
76%
my
76%
no
76%
close
72%
Follow
72%
instructions
72%
is
72%
There
72%
this?
72%
This
72%
time
72%
with
72%
ice
69%
machine
69%
all
66%
Are
66%
brain
66%
circus
66%
cream
66%
Daddy
66%
Did
66%
down
66%
freeze
66%
please
66%
Welcome
66%
will
66%
introductions
62%
nervous?
62%
Power
62%
scream
62%
Underground
62%
your
62%
feeling
59%
His
59%
just
59%
lead
59%
voice
59%
deserve
55%
means
55%
purpose
55%
So
55%
up
55%
wants
55%
Built
52%
without
52%
here
45%
lights
45%
controlled
41%
deceive
41%
serve
41%
springlocks
41%
stage
41%
You're
41%
shocks
38%
tighten
38%
I'll
34%
breath
31%
keeping
31%
left
31%
place
31%
take
31%
and
28%
closer
28%
creeping
28%
find
28%
Hold
28%
inside
28%
Something's
28%
There's
28%
Through
28%
vent
28%
last
24%
composure
21%
first
21%
mask
21%
behind
17%
Butters)
14%
(Exotic
10%
helps
10%
Yeah
10%
Then
0%

Score Distribution

Percentile by Number Answered

Percent of People with Each Score

Your Score History

You have not taken this quiz